Ecología, tiempo anímico y existencia

Guardado en:
Bibliografiske detaljer
Hovedforfatter: Delgado, Honorio
Format: Bog
Sprog:Undetermined
Udgivet: Buenos Aires, Argentina Losada 1948
Fag:
Tags: Tilføj Tag
Ingen Tags, Vær først til at tagge denne postø!

MARC

LEADER 00000nam a2200000Ia 4500
008 170316s9999 xx 000 0 und d
090 |a 100 D-12e 
100 |a Delgado, Honorio 
245 |a Ecología, tiempo anímico y existencia 
260 |a Buenos Aires, Argentina 
260 |b Losada 
260 |c 1948 
300 |a 178 páginas 
650 |a FILOSOFÍA 
999 |c 16003  |d 16003 
040 |a cru BVZT 
942 |c 15 D  |h 100 D-12e  |2 z